Evénements du 13 mai - Statistiques

Statistiques générales
  • Ce quiz a été pris 28 fois
  • Le résultat moyen est 7 sur 15
Statistiques - réponses
Hint Réponse % Correct
Coup d'état à Alger 1958
88%
Tentative d'assassinat de Jean-Paul II 1981
88%
Début de la prise d'otages de la maternelle de Neuilly 1993
88%
Sacre de Marie de Médicis 1610
80%
Début de la Fronde parlementaire en France 1648
48%
Naissance de l'acteur Daniel Russo 1948
48%
Indépendance de l'Equateur 1830
44%
Paul Doumer est élu président de la République 1931
44%
Naissance du chanteur Stevie Wonder 1950
36%
Naissance d'Alphonse Daudet 1840
32%
Naissance du peintre Georges Braque 1882
32%
Naissance de Lazare Carnot 1753
24%
1ère apparition de la Vierge à Fatima 1917
16%
Naissance de la romancière Daphné du Maurier 1907
12%
Naissance du futur pape Pie IX 1792
8%
Aucun quiz correspondant
Distribution des résultats
% des personnes avec chaque résultat
Percentile par nombre de réponses
Votre historique - résultats
Vous n’avez pas pris ce quiz